000 00292nam a2200097Ia 4500
008 220120s9999||||xx |||||||||||||| ||und||
100 _aChaithra, L
_912258
245 0 _aVoice driven mail chenging service
260 _aCoorg Institute of Technology
_bPonnampet
_c2010
650 _aCOMPUTER SCIENCE
999 _c137844
_d137844